Boys Names that start with M - Statistics

General Stats
  • This quiz has been taken 684 times
  • The average score is 15 of 35
Answer Stats
Answer % Correct
Michael
93%
Mohammed
88%
Matthew
87%
Mark
86%
Martin
75%
Marcus
74%
Mason
66%
Melvin
58%
Mitchell
57%
Mac
55%
Marvin
55%
Maxim
54%
Miles
49%
Maxwell
44%
Manuel
43%
Morris
42%
Maximillian
40%
Maurice
37%
Myron
36%
Malcolm
34%
Morton
33%
Moses
33%
Maddox
31%
Montgomery
31%
Marlon
28%
Marshall
24%
Micah
24%
Matteo
22%
Malachi
19%
Merrick
18%
Murphy
16%
Murray
16%
Mordecai
6%
Macauley
4%
Mekhi
1%
No matching quizzes found
Score Distribution
Percent of People with Each Score
Percentile by Number Answered
Your Score History
You have not taken this quiz